[Event "Cagliari op 3rd"]
[Site "Cagliari"]
[Date "2003.03.08"]
[Round "1"]
[White "Atzeni, Franco"]
[Black "Clementini, Lorenzo"]
[Result "1-0"]
[WhiteElo "1909"]
[BlackElo "1709"]
[PlyCount "67"]
[EventDate "2003.03.08"]
[EventType "swiss"]
[EventRounds "7"]
[EventCountry "ITA"]
[SourceTitle "EXT 2024"]
[Source "ChessBase"]
[SourceDate "2023.10.10"]
[SourceVersion "1"]
[SourceVersionDate "2023.10.10"]
[SourceQuality "1"]

1. e4 e5 2. Nc3 Nf6 3. Nf3 Nc6 4. d4 exd4 5. Nxd4 Bc5 6. Be3 Nxd4 7. Bxd4 Qe7 8. Be2 Bxd4 9. Qxd4 d6 10. 0-0 0-0 11. Rad1 Re8 12. Rfe1 Be6 13. f3 a6 14. Bf1 Rad8 15. Rd2 Nh5 16. Nd5 Bxd5 17. Qxd5 Qh4 18. Red1 c6 19. Qb3 Qe7 20. Qb4 Qe5 21. c3 Re6 22. Qxb7 Qc5+ 23. Rd4 Qg5 24. Re1 Nf4 25. g3 Qh5 26. Qc7 Rde8 27. Rxd6 Qc5+ 28. Rd4 Nd5 29. Qb7 f5 30. Qxa6 fxe4 31. fxe4 Rxe4 32. Rexe4 Rxe4 33. Qc8+ Kf7 34. Qf5+ 1-0

[Event "Cagliari Bitti-A 1st"]
[Site "Cagliari"]
[Date "2001.04.01"]
[Round "7"]
[White "Saba, Carlo"]
[Black "Atzeni, Franco"]
[Result "0-1"]
[WhiteElo "1695"]
[BlackElo "1834"]
[PlyCount "92"]
[EventDate "2001.03.17"]
[EventType "tourn"]
[EventRounds "7"]
[EventCountry "ITA"]
[SourceTitle "EXT 2024"]
[Source "ChessBase"]
[SourceDate "2023.10.10"]
[SourceVersion "1"]
[SourceVersionDate "2023.10.10"]
[SourceQuality "1"]

1. f4 e5 2. fxe5 d6 3. Nf3 dxe5 4. e4 Bg4 5. Bc4 Nc6 6. h3 Bh5 7. g4 Bg6 8. d3 Bc5 9. h4 h5 10. g5 Qd7 11. Bb5 0-0-0 12. Bxc6 bxc6 13. Qe2 Qd6 14. Be3 f5 15. Bxc5 Qxc5 16. Nc3 f4 17. Qf2 Qa5 18. 0-0 Re8 19. a3 Re6 20. b4 Qb6 21. Na4 Qxf2+ 22. Rxf2 Be8 23. Nc5 Re7 24. c4 Bd7 25. Rb2 Bg4 26. Kf2 Bxf3 27. Kxf3 Re8 28. Rab1 Ne7 29. a4 Ng6 30. Rh1 Kd8 31. b5 Ke7 32. a5 Rb8 33. a6 cxb5 34. cxb5 Rhc8 35. Rb3 c6 36. Nb7 cxb5 37. Rxb5 Rc6 38. Ra5 Rc3 39. Rd5 Rc6 40. Ra5 Rbc8 41. Ra3 Rb6 42. Kg2 Rc2+ 43. Kh3 Rbb2 44. Na5 Rg2 45. d4 Rg4 46. Nc6+ Ke8 0-1

[Event "Cagliari Bitti-A 1st"]
[Site "Cagliari"]
[Date "2001.03.18"]
[Round "2"]
[White "Atzeni, Franco"]
[Black "Ibba, Isacco"]
[Result "0-1"]
[WhiteElo "1834"]
[BlackElo "1864"]
[PlyCount "78"]
[EventDate "2001.03.17"]
[EventType "tourn"]
[EventRounds "7"]
[EventCountry "ITA"]
[SourceTitle "EXT 2024"]
[Source "ChessBase"]
[SourceDate "2023.10.10"]
[SourceVersion "1"]
[SourceVersionDate "2023.10.10"]
[SourceQuality "1"]

1. e4 Nf6 2. e5 Nd5 3. c4 Nb6 4. d4 d6 5. Nf3 g6 6. Nc3 Bg7 7. Be3 Nc6 8. exd6 cxd6 9. c5 dxc5 10. dxc5 Nd7 11. Bb5 Qa5 12. Qa4 Bxc3+ 13. bxc3 Qxc3+ 14. Ke2 Qb2+ 15. Nd2 0-0 16. Rhb1 Qe5 17. Nf3 Qh5 18. Bxc6 bxc6 19. Qxc6 Ne5 20. Qa4 Bf5 21. Rd1 Rab8 22. Rd2 Nxf3 23. gxf3 e5 24. Qd1 e4 25. Qh1 exf3+ 26. Ke1 Bh3 27. Rad1 Rfe8 28. Qg1 Qxc5 29. Ra1 Qc3 30. Rad1 Rxe3+ 31. fxe3 Re8 32. Qg5 Kg7 33. Qf4 h5 34. Kf2 Bf5 35. Qd4+ Qxd4 36. Rxd4 g5 37. Rd5 Kg6 38. Rc1 Be4 39. Rd6+ Kf5 0-1